000 01004nam a2200277 4500
003 OSt
005 20231121140509.0
008 231114s2016 it ad||f |||| 001 0 eng d
020 _a9789251091852
040 _erda
_cCHAP
082 0 0 _222
_a338.371
_bF21y 2016
245 0 3 _aThe state of world fisheries and aquaculture 2016:
_bcontributing to food segurity and nutrition for all /
_cpor FAO
264 _aRoma:
_bFAO,
_c2016
300 _a190 páginas:
_bIlustraciones, cuadros, gráficas
336 _2rdacontent
_atexto
_btxt
337 _2rdamedia
_asin medio
_bn
338 _2rdacarrier
_avolumen
_bnc
504 _aIncluye índice i bibliografía
650 4 _9773
_aAcuicultura
_xLeyes
650 4 _987379
_aPesca
_xEstadísticas
650 4 _9188277
_aRecursos pesqueros
_xAspectos económicos
650 4 _9188278
_aRecursos pesqueros
_xAprovechamiento
710 _9144278
_aOrganización de las Naciones Unidas para la Agricultura y la Alimentación (FAO)
942 _2ddc
942 _cLIBRO
999 _c219397
_d219397